00542cam a2200193 a 45000010008000000030004000080050017000120080041000290200018000700400009000880820019000971000018001162450043001342600039001773000009002165040051002256510034002766510038003103539765OSt20191218125528.0961012s1996 ii b 001 0 eng  a9780140260069 coclc a338.954bJAL/I1 aJalan, Bimal.10aIndia's Economic Policy /cBimal Jalan aNew Delhi :bPenguin Books,c1996. a217p aIncludes bibliographical references and index. 0aIndiaxEconomic policyy1991- 0aIndiaxEconomic conditionsy1947-